000 00673nam a22001937a 4500
999 _c173631
_d173631
005 20200316103638.0
010 _aB-122959
020 _a8182231019
_c300.00
035 _aB-122959
037 _bBPPD/Pub.
082 _a844
100 _aمنٹو، سعادت حسن
245 _aکولیات منٹو:
_bمنٹو کے مضامین /
_cسعادت حسن منٹو
246 _aKulliyat-E-Manto: Manto Ke Mazameen (urdu) /
_bby Saadat Hasan Manto
260 _aDelhi
_bEducational Publishing House
_c2005 ء
270 _a3108, Vakil Street, Kucha Pandit, Lal Kuan
_bDelhi
_e110006
300 _a496p.
_c22cm(Hb)
942 _2ddc
_cUR
_h844
_mم ن ٹ